000 00258nam a22001097a 4500
082 _a910
100 _aMishra, Satyaveer
_979651
245 _aTamil Nadu : A Land of Temple
260 _aDelhi
_bAdvaita Pub
_c2017
650 _aGeography
_979652
942 _cBK
999 _c63287
_d63287